Riconosci il Pokémon - Quiz n°189 - Statistics

Statistiche generali
  • Questo quiz è stato fatto 1 volte
  • Il punteggio medio è 10 su 10
Statistiche sulle risposte
Indizio Risposta % Corretto
Altezza 0,4 m
100%
Tasso di cattura 180 (33.8%)
100%
Peso 3,6 kg
100%
Sesso 50% ♂, 50% ♀
100%
Tipo Elettro / Volante
100%
Abilità Energia Eolica; Assorbivolt; Tenacia
100%
Stadio evoluzione Forma Base
100%
Tasso di allevamento Medio-Lento
100%
Generazione Nona
100%
Pokémon Wattrel
100%
Nessun quiz corrispondente trovato
Distribuzione punteggi
Percentuale di utenti per punteggio
Percentile per numero di risposta
I tuoi punteggi nel tempo
Non hai fatto questo quiz